Statistics for Units of Time

Click here to take the quiz!

General Stats

  • This quiz has been taken 17 times
  • The average score is 4 of 12

Answer Stats

HintAnswer% Correct
365 daysYear
100%
SI Base unitSecond
73%
52 weeks and 2 dayLeap Year
60%
1,000,000,000 years or an indefinite period of timeAeon
47%
Also called "kiloannum"Millennium
27%
The amount of time light takes to travel one fermi (about the size of a nucleon) in a vacuumJiffy
13%
Medieval unit of time used by astronomers to compute astronomical movementsMoment
13%
10 times the length of the previous valueCosmological Decade
7%
The amount of time it takes the Solar System to orbit the center of the Milky Way Galaxy one time.Galactic Year
7%
15 year cycleIndiction
7%
5 yearsLustrum
7%
Theoretically, this is the smallest time measurement that will ever be possiblePlanck Time Unit
7%

Score Distribution

Percentile by Number Answered

Percent of People with Each Score

Your Score History

You have not taken this quiz